Valtioita alueiden mukaan #2 - Statistics

Yleistilastot
  • Tätä visaa on pelattu 468 kertaa
  • Keskiarvotulos 15 / 21
Vastaustilastot
Alue Valtio % Oikein
Texas Yhdysvallat
100%
Kreeta Kreikka
93%
Siperia Venäjä
93%
Sisä-Mongolia Kiina
90%
Sardinia Italia
87%
Normandia Ranska
87%
Katalonia Espanja
85%
Transilvania Romania
80%
Saksi Saksa
79%
Yorkshire Yhdistynyt kuningaskunta
79%
Uusi Etelä-Wales Australia
71%
Brittiläinen Kolumbia Kanada
71%
Värmlanti Ruotsi
71%
Flanderi Belgia
56%
Länsi-Kap Etelä-Afrikka
51%
Kantō Japani
51%
Uttar Pradesh Intia
50%
Dalmatia Kroatia
47%
Jalisco Meksiko
40%
Ylä-Sleesia Puola
39%
Mato Grosso Brasilia
34%
Ehtoja vastaavia visoja ei löytynyt
Tulosjakauma
Jokaisen tuloksen saaneiden osuus
Persentiili vastausten määrän mukaan
Tuloshistoriasi
Et ole pelannut tätä visaa